| 000 | 01445nam a2200241Ia 4500 | ||
|---|---|---|---|
| 003 | Ost | ||
| 005 | 20260507075219.0 | ||
| 008 | 260507s9999||||xx |||||||||||||| ||und|| | ||
| 020 | _a54832499579 | ||
| 040 | _cfsecg | ||
| 041 | _aara | ||
| 082 | _a330 | ||
| 100 |
_aالنسور، اياد عبد الفتاح _eمؤلف |
||
| 245 | 0 |
_aالأصول العلمية للتسويق الحديث : _bالحرب المحتملة بين مؤسسات الاعمال / _c اياد عبد الفتاح النسور |
|
| 260 |
_aعمان: _bدار صفاء, _c2009 |
||
| 300 |
_a392 صفحة؛ _bإيضاحات ؛ _c24 سم |
||
| 504 | _aمراجع ص.389 | ||
| 520 | _aمدخل عام إلى مفهوم التسويق ، البيئة التسويقية ، المعلومات التسويقية ، نظام البحث التسويقي ، نموذج سلوك المشتري ،سلوك المشتري الصناعي ، ، تجزئة السوق ، إدارة خطوط الانتاج ، المكانة الذهبية و ظهور المنتجات الجديدة ، استراتيجية التسعير ، القنوات التوزيعية ، أسواق التجزئة ، أسواق الجملة و الأسواق اللوجستية ، الترويج التجاري ، مواضيع معاصرة في التسويق. | ||
| 653 | _aادارة المبيعات | ||
| 653 | _aالترويج التجاري | ||
| 653 | _aالتسويق | ||
| 942 | _cكتاب | ||
| 999 |
_c43511 _d43511 |
||